| 000 | 00759nam a2200205Ia 4500 | ||
|---|---|---|---|
| 003 | GCL | ||
| 008 | 140319s9999 xx 000 0 ara d | ||
| 040 |
_aGCL / _cGCL |
||
| 082 | 0 | 4 |
_a306.269565 _bر م |
| 100 | 1 | _aرضوان زيادة | |
| 245 | 1 | 0 |
_aالمثقف ضد السلطة : _bحوارات المجتمع المدنى فى سورية / _cرضوان زيادة |
| 250 | _aالاولى | ||
| 260 |
_aالقاهرة : _bمركز القاهرة لدراسات حقوق الانسان ، _c2005 |
||
| 300 |
_a177ص ؛ _c19سم |
||
| 490 |
_aسلسلة مبادرات فكرية _v27 |
||
| 650 | 0 | 4 | _aالعلاقات الثقافية |
| 650 | 0 | 4 | _aالثقافة - سوريا |
| 650 | 0 | 4 | _aالمجتمع المدنى - سوريا |
| 942 |
_2ddc _cBK |
||
| 999 |
_c7727 _d7727 |
||